| 000 | 00612nam a2200205Ia 4500 | ||
|---|---|---|---|
| 003 | GCL | ||
| 008 | 140319s9999 xx 000 0 ara d | ||
| 020 | _a3535919977 | ||
| 040 |
_aGCL / _cGCL |
||
| 082 | 0 | 4 |
_a910 _bم ج |
| 245 | 1 | 0 | _aجواز سفر ايطاليا |
| 250 | _aالاولى | ||
| 260 |
_aالقاهرة : _bمجموعة النيل العربية ، _c2002 |
||
| 300 |
_a150 ص ؛ _c10 سم |
||
| 490 |
_aجواز سفر _v0 |
||
| 650 | 0 | 4 | _aايطاليا |
| 650 | 0 | 4 | _aايطاليا - عادات وتقاليد |
| 650 | 0 | 4 | _aايطاليا - التجارة الدولية |
| 942 |
_2ddc _cBK |
||
| 999 |
_c3391 _d3391 |
||